Lectures on topological dynamics /
Guardado en:
| Autor Principal: | |
|---|---|
| Formato: | Libro |
| Idioma: | English |
| Publicado: |
New York :
W. A. Benjamin,
1969.
|
| Series: | Mathematics lecture notes series
|
| Materias: | |
| Etiquetas: |
Agregar Etiqueta
Sin Etiquetas, Sea el primero en etiquetar este registro!
|
| LEADER | 00861nam a2200241 a 4500 | ||
|---|---|---|---|
| 001 | MAT.inmabb002963 | ||
| 008 | 700105s1969####nyu######b####001#0#eng## | ||
| 005 | 20130321155353.0 | ||
| 245 | 1 | 0 | |a Lectures on topological dynamics / |c Robert Ellis. |
| 260 | |a New York : |b W. A. Benjamin, |c 1969. | ||
| 300 | |a xv, 211 p. ; |c 24 cm. | ||
| 440 | 0 | |a Mathematics lecture notes series | |
| 500 | |a "An expanded version of a one quarter course and a series of seminars given at the University of Minnesota during ... 1967-68"--Preface. | ||
| 504 | |a Incluye referencias bibliográficas. | ||
| 510 | 4 | |a MR, |c 42 #2463 | |
| 020 | |a 0805324208 | ||
| 020 | |a 0805324216 (pbk.) | ||
| 100 | 1 | |a Ellis, Robert, |d 1926- | |
| 650 | 0 | |a Topological dynamics. | |
| 084 | |a 37Bxx (54H20) |2 msc2000 | ||
| 010 | |a 76099277 | ||
| 040 | |a DLC |c DLC |d DLC | ||
| 859 | |h 37 |i El47 |p A-4806 |b BIB. MATEMATICA | ||
